00627nam a2200205Ia 4500001000700000003000500007008004100012010001100053040000900064082001500073100002500088245008400113260002400197300001800221440004400239500000500283503000500288650002700293650010100320Z_4440CHAP220113s1981 xx 000 0 und d a167510 cCHAP a636.081 H3 aHall, J M aEstabulación de terneros en régimen libre /cpor J. M. Hall y R. Sansoucy aRoma :bFAO,c1981 a133 p. ; ilus aFAO. Producción y Sanidad animal ; 16 a a aBecerrosxAlojamiento  aEstablosxDiseños y planos I. Sansoucy, R II. FAO III. FAO. Producción y sanidad animal ; 16